| 000 | 00413cam a2200169ua 4500 | ||
|---|---|---|---|
| 020 | _c1.00 | ||
| 041 |
_amal _h |
||
| 082 |
_a894.8121 _bRAM/PA |
||
| 100 | _aRamachandran, Puthusseri. | ||
| 245 |
_aPanchajanyam / _cPuthusseri Ramachandran. _hTextual Documents |
||
| 260 |
_aKollam : _bM S Book Depot , _c1963. |
||
| 300 | _a56 ; . | ||
| 365 | _a1.00 | ||
| 504 | _a | ||
| 942 | _cBK | ||
| 999 |
_c4824 _d4824 |
||